000 00620nam a2200205Ia 4500
003 GCL
008 140319s9999 xx 000 0 ara d
020 _a9426215977
040 _aGCL /
_cGCL
082 0 4 _a155.5
_bص م
100 1 _aصلاح الدين العباسى
245 1 0 _aالمراهقة وكيفية التعامل معها /
_cصلاح الدين العباسى
250 _aالاولى
300 _a95 ص:
_bايض ؛
_c19 سم
650 0 4 _aالمراهقة
650 0 4 _aالنضوج
650 0 4 _aالمراهقة - علم نفس
650 0 4 _aالمراهقة - ابحاث
942 _2ddc
_cBK
999 _c4927
_d4927